Vista normal Vista MARC
  • González, Joseph

Entrada Nom personal

Número de registros utilizados en: 1

001 - NÚMERO DE CONTROL

  • campo de control: 168434

003 - IDENTIFICADOR DEL NÚMERO DE CONTROL

  • campo de control: ES-BaIT

005 - FECHA Y HORA DE LA ÚLTIMA TRANSACCIÓN

  • campo de control: 20260212145244.0

008 - DATOS DE LONGITUD FIJA

  • campo de control de longitud fija: 260212|| aca||aabn | a|a d

040 ## - FUENTE DE LA CATALOGACIÓN

  • Centro catalogador/agencia de origen: ES-BaIT

100 1# - ENCABEZAMIENTO-NOMBRE DE PERSONA

  • Nombre de persona: González, Joseph

370 ## - LUGAR ASOCIADO

  • Lugar de residencia/sede: Madrid

374 ## - OCUPACIÓN

  • Ocupación: Impressors
  • Período de inicio: 1729
  • Fin de período: 1749

400 1# - TRAZADO DE VÉASE--NOMBRE DE PERSONA

  • Nombre de persona: González, Joseph,
  • Fechas asociadas al nombre: actiu S. XVIII

400 1# - TRAZADO DE VÉASE--NOMBRE DE PERSONA

  • Nombre de persona: González, José,
  • Fechas asociadas al nombre: actiu S. XVIII

670 ## - FUENTE DE DATOS ENCONTRADOS

  • Cita de la fuente: BNE/A, 12.02.2026
  • Información encontrada: (enc.: González, Joseph)

Con tecnología Koha